| 000 | 00902nam a2200253 i 4500 | ||
|---|---|---|---|
| 001 | 189401 | ||
| 003 | SpMaBN | ||
| 005 | 20240313190148.0 | ||
| 008 | 190530s1975 sp a |||| | spa d | ||
| 020 | _a84-7231-141-4 | ||
| 080 | _a087.5:061.235(460.15) | ||
| 100 | 1 |
_aUría, Juan Ignacio de. _9112136 |
|
| 245 | 1 | 4 |
_aLos Amigos del País _b= Herri Lagunak / _ctextos e ilustraciones Juan Ignacio de Uría. |
| 246 | 3 | 1 | _aHerri Lagunak |
| 260 |
_a[San Sebastián] : _bCaja de Ahorros Provincial de Guipúzcoa, _c[1975] |
||
| 300 |
_a72 p. : _bil. col. ; _c22 x 21 cm. |
||
| 490 | 1 |
_aManuales ; _v4 |
|
| 546 | _aTexto paralelo en castellano y vasco. | ||
| 610 | 2 | 4 |
_aReal Sociedad Bascongada de los Amigos del País- _vHistoria _96367 |
| 710 | 2 |
_aCaja de Ahorros Provincial de Guipúzcoa. _92306 |
|
| 830 | 0 |
_aManuales ; _v4 _9178657 |
|
| 852 |
_aES-MaACL _jL-32407 |
||
| 999 |
_c189401 _d189401 |
||